All Movies Directed by Christopher Nolan - Statistics

General Stats
  • This quiz has been taken 42 times
  • The average score is 8 of 12
Answer Stats
Year Top Actor/Actress Title % Correct
2023 Cillian Murphy Oppenheimer
97%
2008 Christian Bale The Dark Knight
90%
2010 Leonardo DiCaprio Inception
85%
2012 Christian Bale The Dark Knight Rises
85%
2005 Christian Bale Batman Begins
79%
2020 John David Washington Tenet
77%
2000 Guy Pearce Memento
72%
2006 Hugh Jackman/Christian Bale The Prestige
67%
2017 Fionn Whitehead Dunkirk
64%
2002 Al Pacino Insomnia
49%
1998 Jerry Theobald Following
44%
2014 Matthew McConaughey Intersteller
38%
No matching quizzes found
Score Distribution
Percent of People with Each Score
Percentile by Number Answered
Your Score History
You have not taken this quiz